| 000 | 00823cab a2200241 4500 | ||
|---|---|---|---|
| 001 | WB3045-13 | ||
| 008 | 090401t1994 xxu||||| |||| 00| 0 eng d | ||
| 035 | _a(Sirsi) u16264 | ||
| 041 | _aeng | ||
| 245 | _aSquare Mile space | ||
| 260 | _c1994 | ||
| 350 | _a0 | ||
| 490 |
_aDaily Telegraph _v29 November 1994, 31(1) |
||
| 520 | _aThe City of London letting market is about to gain some 735,000 sq ft of available space as firms vacate the temporary space they took after the Bishopsgate and Baltic Exchange bombs in 1993 and 1992. | ||
| 650 | _aCITY OF LONDON | ||
| 650 | _aPROPERTY-COMMERCIAL PROPERTY-OFFICE PROPERTY-OFFICE PROPERTY MARKET | ||
| 650 | _aOFFICE SPACE | ||
| 650 | _aOVERSUPPLY | ||
| 650 | _aSUPPLY AND DEMAND | ||
| 690 | _aPROPERTY-COMMERCIAL PROPERTY | ||
| 942 | _n0 | ||
| 948 | _c04/03/1997 | ||
| 999 |
_c10688 _d10688 |
||